<?xml version="1.0" encoding="UTF-8"?>
<record
    xmlns:xsi="http://www.w3.org/2001/XMLSchema-instance"
    xsi:schemaLocation="http://www.loc.gov/MARC21/slim http://www.loc.gov/standards/marcxml/schema/MARC21slim.xsd"
    xmlns="http://www.loc.gov/MARC21/slim">

  <leader>04701namaa22004211i 4500</leader>
  <controlfield tag="003">EG-GICUC</controlfield>
  <controlfield tag="005">20260504130951.0</controlfield>
  <controlfield tag="008">260504s2025    ua a|||frm||| 000 0 eng d</controlfield>
  <datafield tag="040" ind1=" " ind2=" ">
    <subfield code="a">EG-GICUC</subfield>
    <subfield code="b">eng</subfield>
    <subfield code="c">EG-GICUC</subfield>
    <subfield code="d">EG-GICUC</subfield>
    <subfield code="e">rda</subfield>
  </datafield>
  <datafield tag="041" ind1="0" ind2=" ">
    <subfield code="a">eng</subfield>
    <subfield code="b">eng</subfield>
    <subfield code="b">ara</subfield>
  </datafield>
  <datafield tag="049" ind1=" " ind2=" ">
    <subfield code="a">Deposit</subfield>
  </datafield>
  <datafield tag="082" ind1="0" ind2="4">
    <subfield code="a">341.2422</subfield>
  </datafield>
  <datafield tag="092" ind1=" " ind2=" ">
    <subfield code="a">341.2422</subfield>
    <subfield code="2">21</subfield>
  </datafield>
  <datafield tag="097" ind1=" " ind2=" ">
    <subfield code="a">Ph.D</subfield>
  </datafield>
  <datafield tag="099" ind1=" " ind2=" ">
    <subfield code="a">Cai01.03.04.M.Sc.2025.Ma.M</subfield>
  </datafield>
  <datafield tag="100" ind1="0" ind2=" ">
    <subfield code="a">Manar Mohammed Abul Qasem Hafez Ahmed, </subfield>
    <subfield code="e">preparation.</subfield>
  </datafield>
  <datafield tag="245" ind1="1" ind2="0">
    <subfield code="a">Multiculturalism and integration policies in the european union :</subfield>
    <subfield code="b"> a comparative study of education and citizenship in germany and the netherlands /</subfield>
    <subfield code="c">by Manar Mohammed Abul Qasem Hafez Ahmed ; Supervised Dr. Nahed Ezzeldeen. </subfield>
  </datafield>
  <datafield tag="246" ind1="1" ind2="5">
    <subfield code="a">&#x627;&#x644;&#x62A;&#x639;&#x62F;&#x62F;&#x64A;&#x629; &#x627;&#x644;&#x62B;&#x642;&#x627;&#x641;&#x64A;&#x629; &#x648;&#x633;&#x64A;&#x627;&#x633;&#x627;&#x62A; &#x627;&#x644;&#x62F;&#x645;&#x62C; &#x641;&#x649; &#x627;&#x644;&#x627;&#x62A;&#x62D;&#x627;&#x62F; &#x627;&#x644;&#x627;&#x648;&#x631;&#x648;&#x628;&#x649; :</subfield>
    <subfield code="b"> &#x62F;&#x631;&#x627;&#x633;&#x629; &#x645;&#x642;&#x627;&#x631;&#x646;&#x629; &#x644;&#x633;&#x64A;&#x627;&#x633;&#x627;&#x62A; &#x627;&#x644;&#x62A;&#x639;&#x644;&#x64A;&#x645; &#x648;&#x627;&#x644;&#x645;&#x648;&#x627;&#x637;&#x646;&#x629; &#x641;&#x649; &#x627;&#x644;&#x645;&#x627;&#x646;&#x64A;&#x627; &#x648;&#x647;&#x648;&#x644;&#x646;&#x62F;&#x627;</subfield>
  </datafield>
  <datafield tag="264" ind1=" " ind2="0">
    <subfield code="c">2025.</subfield>
  </datafield>
  <datafield tag="300" ind1=" " ind2=" ">
    <subfield code="a">275 pages :</subfield>
    <subfield code="b">illustrations ;</subfield>
    <subfield code="c">25 cm. + </subfield>
    <subfield code="e">CD.</subfield>
  </datafield>
  <datafield tag="336" ind1=" " ind2=" ">
    <subfield code="a">text</subfield>
    <subfield code="2">rda content</subfield>
  </datafield>
  <datafield tag="337" ind1=" " ind2=" ">
    <subfield code="a">Unmediated</subfield>
    <subfield code="2">rdamedia</subfield>
  </datafield>
  <datafield tag="338" ind1=" " ind2=" ">
    <subfield code="a">volume</subfield>
    <subfield code="2">rdacarrier</subfield>
  </datafield>
  <datafield tag="502" ind1=" " ind2=" ">
    <subfield code="a">Thesis (Ph.D)-Cairo University, 2025.</subfield>
  </datafield>
  <datafield tag="504" ind1=" " ind2=" ">
    <subfield code="a">Bibliography: pages 247-275.</subfield>
  </datafield>
  <datafield tag="520" ind1=" " ind2="3">
    <subfield code="a">This study explores how historical legacies, political dynamics, and institutional structures influence the evolving approaches to multiculturalism in the Netherlands and Germany. Although shaped by different colonial and migration histories, both countries show a tendency to prioritize integration models that lean toward assimilation, particularly within education and citizenship policies. Through a qualitative study, using frameworks such as Kymlicka&#x2019;s multiculturalism, Social Identity Theory, Integrated Threat Theory, and postcolonial perspectives, the analysis highlights the gap that often emerges between policy intentions and the everyday experiences of Syrian immigrants. Assessments of multicultural indices suggest that formal policy scores may not fully reflect practical implementation or immigrants&#x2019; perceptions of belonging. Overall, the study indicates that more consistent and inclusive policy application will be essential to strengthening integration outcomes and fostering a more cohesive and pluralistic society.</subfield>
  </datafield>
  <datafield tag="520" ind1=" " ind2="3">
    <subfield code="a">&#x62A;&#x646;&#x638;&#x631; &#x647;&#x630;&#x647; &#x627;&#x644;&#x62F;&#x631;&#x627;&#x633;&#x629;  &#x641;&#x649; &#x643;&#x64A;&#x641; &#x62A;&#x624;&#x62B;&#x631; &#x627;&#x644;&#x625;&#x631;&#x62B; &#x627;&#x644;&#x62A;&#x627;&#x631;&#x64A;&#x62E;&#x64A;&#x629;&#x60C; &#x648;&#x627;&#x644;&#x62F;&#x64A;&#x646;&#x627;&#x645;&#x64A;&#x627;&#x62A; &#x627;&#x644;&#x633;&#x64A;&#x627;&#x633;&#x64A;&#x629;&#x60C; &#x648;&#x627;&#x644;&#x628;&#x64F;&#x646;&#x649; &#x627;&#x644;&#x645;&#x624;&#x633;&#x633;&#x64A;&#x629; &#x641;&#x64A; &#x62A;&#x637;&#x648;&#x651;&#x631; &#x645;&#x642;&#x627;&#x631;&#x628;&#x627;&#x62A; &#x627;&#x644;&#x62A;&#x639;&#x62F;&#x62F;&#x64A;&#x629; &#x627;&#x644;&#x62B;&#x642;&#x627;&#x641;&#x64A;&#x629; &#x641;&#x64A; &#x643;&#x644;&#x64D;&#x651; &#x645;&#x646; &#x647;&#x648;&#x644;&#x646;&#x62F;&#x627; &#x648;&#x623;&#x644;&#x645;&#x627;&#x646;&#x64A;&#x627;. &#x641;&#x639;&#x644;&#x649; &#x627;&#x644;&#x631;&#x63A;&#x645; &#x645;&#x646; &#x627;&#x62E;&#x62A;&#x644;&#x627;&#x641; &#x627;&#x644;&#x633;&#x64A;&#x627;&#x642;&#x627;&#x62A; &#x627;&#x644;&#x627;&#x633;&#x62A;&#x639;&#x645;&#x627;&#x631;&#x64A;&#x629; &#x648;&#x62A;&#x627;&#x631;&#x64A;&#x62E; &#x627;&#x644;&#x647;&#x62C;&#x631;&#x629; &#x641;&#x64A; &#x627;&#x644;&#x628;&#x644;&#x62F;&#x64A;&#x646;&#x60C; &#x625;&#x644;&#x627; &#x623;&#x646;&#x647;&#x645;&#x627; &#x64A;&#x645;&#x64A;&#x644;&#x627;&#x646; &#x625;&#x644;&#x649; &#x62A;&#x628;&#x646;&#x651;&#x64A; &#x646;&#x645;&#x627;&#x630;&#x62C; &#x62F;&#x645;&#x62C; &#x62A;&#x642;&#x62A;&#x631;&#x628; &#x645;&#x646; &#x627;&#x644;&#x627;&#x646;&#x635;&#x647;&#x627;&#x631; &#x641;&#x649; &#x627;&#x644;&#x62B;&#x642;&#x627;&#x641;&#x629; &#x627;&#x644;&#x645;&#x636;&#x64A;&#x641;&#x629;&#x60C; &#x62E;&#x627;&#x635;&#x629; &#x641;&#x64A; &#x633;&#x64A;&#x627;&#x633;&#x627;&#x62A; &#x627;&#x644;&#x62A;&#x639;&#x644;&#x64A;&#x645; &#x648;&#x627;&#x644;&#x645;&#x648;&#x627;&#x637;&#x646;&#x629;. &#x62A;&#x633;&#x62A;&#x62E;&#x62F;&#x645; &#x627;&#x644;&#x62F;&#x631;&#x627;&#x633;&#x629; &#x645;&#x646;&#x647;&#x62C;&#x64A;&#x629; &#x646;&#x648;&#x639;&#x64A;&#x629; &#x648;&#x62A;&#x633;&#x62A;&#x646;&#x62F; &#x625;&#x644;&#x649; &#x623;&#x637;&#x631; &#x646;&#x638;&#x631;&#x64A;&#x629; &#x645;&#x62B;&#x644; &#x627;&#x644;&#x62A;&#x639;&#x62F;&#x62F;&#x64A;&#x629; &#x627;&#x644;&#x62B;&#x642;&#x627;&#x641;&#x64A;&#x629; &#x644;&#x62F;&#x649; &#x643;&#x64A;&#x645;&#x644;&#x64A;&#x643;&#x627;&#x60C; &#x648;&#x646;&#x638;&#x631;&#x64A;&#x629; &#x627;&#x644;&#x647;&#x648;&#x64A;&#x629; &#x627;&#x644;&#x627;&#x62C;&#x62A;&#x645;&#x627;&#x639;&#x64A;&#x629;&#x60C; &#x648;&#x646;&#x638;&#x631;&#x64A;&#x629; &#x627;&#x644;&#x62A;&#x647;&#x62F;&#x64A;&#x62F; &#x627;&#x644;&#x645;&#x62A;&#x643;&#x627;&#x645;&#x644;&#x60C; &#x648;&#x627;&#x644;&#x645;&#x646;&#x638;&#x648;&#x631; &#x645;&#x627; &#x628;&#x639;&#x62F; &#x627;&#x644;&#x627;&#x633;&#x62A;&#x639;&#x645;&#x627;&#x631;&#x64A;.&#x623;&#x638;&#x647;&#x631;&#x62A; &#x646;&#x62A;&#x627;&#x626;&#x62C; &#x627;&#x644;&#x62F;&#x631;&#x627;&#x633;&#x629; &#x627;&#x644;&#x641;&#x62C;&#x648;&#x629; &#x645;&#x627; &#x628;&#x64A;&#x646; &#x623;&#x647;&#x62F;&#x627;&#x641; &#x627;&#x644;&#x633;&#x64A;&#x627;&#x633;&#x627;&#x62A; &#x648;&#x627;&#x644;&#x62A;&#x62C;&#x627;&#x631;&#x628; &#x627;&#x644;&#x64A;&#x648;&#x645;&#x64A;&#x629; &#x644;&#x644;&#x627;&#x62C;&#x626;&#x64A;&#x646; &#x627;&#x644;&#x633;&#x648;&#x631;&#x64A;&#x64A;&#x646;. &#x643;&#x630;&#x644;&#x643; &#x62A;&#x634;&#x64A;&#x631; &#x62A;&#x642;&#x64A;&#x64A;&#x645;&#x627;&#x62A; &#x645;&#x624;&#x634;&#x631;&#x627;&#x62A; &#x627;&#x644;&#x62A;&#x639;&#x62F;&#x62F;&#x64A;&#x629; &#x627;&#x644;&#x62B;&#x642;&#x627;&#x641;&#x64A;&#x629; &#x625;&#x644;&#x649; &#x623;&#x646; &#x627;&#x644;&#x62F;&#x631;&#x62C;&#x627;&#x62A; &#x627;&#x644;&#x645;&#x639;&#x637;&#x627;&#x629; &#x644;&#x644;&#x633;&#x64A;&#x627;&#x633;&#x627;&#x62A; &#x627;&#x644;&#x631;&#x633;&#x645;&#x64A;&#x629; &#x641;&#x64A;&#x645;&#x627; &#x64A;&#x62E;&#x635; &#x633;&#x64A;&#x627;&#x633;&#x627;&#x62A; &#x627;&#x644;&#x62A;&#x639;&#x62F;&#x62F;&#x64A;&#x629; &#x627;&#x644;&#x62B;&#x642;&#x627;&#x641;&#x64A;&#x629; &#x641;&#x649; &#x627;&#x644;&#x628;&#x644;&#x62F;&#x64A;&#x646; &#x642;&#x62F; &#x644;&#x627; &#x62A;&#x639;&#x643;&#x633; &#x62F;&#x627;&#x626;&#x645;&#x627;&#x64B; &#x627;&#x644;&#x62A;&#x637;&#x628;&#x64A;&#x642; &#x627;&#x644;&#x639;&#x645;&#x644;&#x64A; &#x623;&#x648; &#x625;&#x62D;&#x633;&#x627;&#x633; &#x627;&#x644;&#x645;&#x647;&#x627;&#x62C;&#x631;&#x64A;&#x646; &#x628;&#x627;&#x644;&#x627;&#x646;&#x62A;&#x645;&#x627;&#x621;. &#x648;&#x639;&#x644;&#x64A;&#x647;&#x60C; &#x62A;&#x64F;&#x638;&#x647;&#x631; &#x627;&#x644;&#x62F;&#x631;&#x627;&#x633;&#x629; &#x623;&#x646; &#x62A;&#x637;&#x628;&#x64A;&#x642; &#x627;&#x644;&#x633;&#x64A;&#x627;&#x633;&#x627;&#x62A; &#x628;&#x634;&#x643;&#x644; &#x623;&#x643;&#x62B;&#x631; &#x627;&#x62A;&#x633;&#x627;&#x642;&#x627;&#x64B; &#x648;&#x634;&#x645;&#x648;&#x644;&#x627;&#x64B; &#x633;&#x64A;&#x643;&#x648;&#x646; &#x636;&#x631;&#x648;&#x631;&#x64A;&#x627;&#x64B; &#x644;&#x62A;&#x639;&#x632;&#x64A;&#x632; &#x646;&#x62A;&#x627;&#x626;&#x62C; &#x627;&#x644;&#x627;&#x646;&#x62F;&#x645;&#x627;&#x62C; &#x648;&#x62F;&#x639;&#x645; &#x628;&#x646;&#x627;&#x621; &#x645;&#x62C;&#x62A;&#x645;&#x639; &#x623;&#x643;&#x62B;&#x631; &#x62A;&#x645;&#x627;&#x633;&#x643;&#x627;&#x64B; &#x648;&#x62A;&#x639;&#x62F;&#x651;&#x62F;&#x64A;&#x629;.</subfield>
  </datafield>
  <datafield tag="530" ind1=" " ind2=" ">
    <subfield code="a">Issues also as CD.</subfield>
  </datafield>
  <datafield tag="546" ind1=" " ind2=" ">
    <subfield code="a">Text in English and abstract in Arabic &amp; English.</subfield>
  </datafield>
  <datafield tag="650" ind1=" " ind2="7">
    <subfield code="a">European Union</subfield>
  </datafield>
  <datafield tag="650" ind1=" " ind2="7">
    <subfield code="a">&#x627;&#x644;&#x627;&#x62A;&#x62D;&#x627;&#x62F; &#x627;&#x644;&#x627;&#x648;&#x631;&#x648;&#x628;&#x649;</subfield>
  </datafield>
  <datafield tag="653" ind1=" " ind2="1">
    <subfield code="a">Immigration Policies</subfield>
    <subfield code="a">Education Policies</subfield>
    <subfield code="a">Citizenship Policies</subfield>
    <subfield code="a">Multiculturalism</subfield>
    <subfield code="a">Multicultural Education</subfield>
    <subfield code="a">Multicultural Citizenship</subfield>
    <subfield code="a">The European Union</subfield>
    <subfield code="a">The Syrian Refugees</subfield>
    <subfield code="a">Germany</subfield>
    <subfield code="a">The Netherlands</subfield>
    <subfield code="a">&#x633;&#x64A;&#x627;&#x633;&#x627;&#x62A; &#x627;&#x644;&#x647;&#x62C;&#x631;&#x629;</subfield>
    <subfield code="a">&#x633;&#x64A;&#x627;&#x633;&#x627;&#x62A; &#x627;&#x644;&#x62A;&#x639;&#x644;&#x64A;&#x645;</subfield>
  </datafield>
  <datafield tag="700" ind1="0" ind2=" ">
    <subfield code="a">Nahed Ezzeldeen</subfield>
    <subfield code="e">thesis advisor.</subfield>
  </datafield>
  <datafield tag="900" ind1=" " ind2=" ">
    <subfield code="b">01-01-2025.</subfield>
    <subfield code="c">Nahed Ezzeldeen</subfield>
    <subfield code="U">Cairo University</subfield>
    <subfield code="F">Faculty of Economics and Political Science </subfield>
    <subfield code="D">Department of Political Science</subfield>
  </datafield>
  <datafield tag="905" ind1=" " ind2=" ">
    <subfield code="a">Shimaa</subfield>
  </datafield>
  <datafield tag="942" ind1=" " ind2=" ">
    <subfield code="2">ddc</subfield>
    <subfield code="c">TH</subfield>
    <subfield code="e">21</subfield>
    <subfield code="n">0</subfield>
  </datafield>
  <datafield tag="999" ind1=" " ind2=" ">
    <subfield code="c">179957</subfield>
  </datafield>
  <datafield tag="952" ind1=" " ind2=" ">
    <subfield code="2">ddc</subfield>
    <subfield code="9">317648</subfield>
    <subfield code="a">CUCL</subfield>
    <subfield code="b">cl210</subfield>
    <subfield code="d">2026-05-04</subfield>
    <subfield code="i">93968</subfield>
    <subfield code="o">Cai01.03.04.M.Sc.2025.Ma.M</subfield>
    <subfield code="p">01010110093968000</subfield>
    <subfield code="r">2026-05-04 12:10:50</subfield>
    <subfield code="w">2026-05-04</subfield>
    <subfield code="y">TH</subfield>
  </datafield>
</record>
